Gene Kelly Filmography - Statistics

General Stats
  • This quiz has been taken 45 times
    12 since last reset
  • The average score is 17 of 114
Answer Stats
Type Year Name % Correct
Film 1952 Singin' in the Rain
100%
Theater 1985-1986 Singin' in the Rain
100%
Film 1950 Summer Stock
100%
Film 1948 The Pirate
100%
Film 1951 An American in Paris
86%
Compilation Film 1974 That's Entertainment!
86%
Film 1945 Anchors Aweigh
71%
Film 1954 Brigadoon
71%
Film 1942 For Me and My Gal
71%
Film 1960 Inherit the Wind
71%
Film 1955 It's Always Fair Weather
71%
Film 1949 On the Town
71%
Compilation Film 1994 That's Entertainment III
71%
Compilation Film 1976 That's Entertainment, Part II
71%
Director 1969 Hello, Dolly!
57%
Film 1949 Take Me Out to the Ball Game
57%
Film 1980 Xanadu
57%
Film 1948 Words and Music
43%
Film 1945 Ziegfeld Follies
43%
Film 1957 Les Girls
29%
TV Mini-Series 1985 North & South
29%
Documentary 1985 That's Dancing!
29%
Award Show 1976 The 48th Annual Academy Awards
29%
Film 1943 Thousands Cheer
29%
Film 1973 40 Carats
14%
TV Special 1985 AFI Life Achievement Award: A Tribute to Gene Kelly
14%
Film 1944 Christmas Holiday
14%
Film 1944 Cover Girl
14%
Film 1956 Invitation to the Dance
14%
Film 1943 The Cross of Lorraine
14%
TV Show 1954, 1957 The Ed Sullivan Show
14%
TV Special 1959 The Gene Kelly Show
14%
TV Show 1964 The Hollywood Palace
14%
Film 1948 The Three Musketeers
14%
Film 1967 The Young Girls of Rochefort
14%
Film 1964 What a Way to Go!
14%
TV Show 1974 ABC Late Night
0%
Director 1967 A Guide for the Married Man
0%
TV Special 1976 America Salutes Richard Rodgers: The Sound of His Music
0%
TV Documentary 1977 An Evening with Gene Kelly
0%
Theater 1941-1942 Best Foot Forward
0%
Film 1950 Black Hand
0%
Radio Series 1949 Burns & Allen
0%
TV Special 1970 Changing Scene
0%
TV Special 1970 Changing Scene II
0%
TV Special 1991 Christmas at the Movies
0%
TV Special 1978 Cinderella at the Palace
0%
Short Film 1945 Combat Fatigue Irritability
0%
Theater 1979 Coquelico
0%
Short Documentary 1952 Council of Europe
0%
Film 1954 Deep in My Heart
0%
TV Show 1983 Dom DeLuise and Friends
0%
Film 1943 Du Barry Was a Lady
0%
Radio Series 1948 Family Theater on the Air
0%
TV Show 1970 Film Night
0%
TV Special 1976 Friars Club Tribute to Gene Kelly
0%
TV Special 1978 Gene Kelly: An American in Pasadena
0%
TV Documentary 2025 Gene Kelly mène la danse
0%
TV Special 1970 Gene Kelly's Wonderful World of Girls
0%
Director 1960 Gigot
0%
TV Show 1962-1963 Going My Way
0%
TV Show 1987 Great Performances
0%
TV Show 1981 Great Performances: Dance in America
0%
TV Documentary 1961 Hollywood: The Golden Years
0%
Film 1951 It's a Big Country: An American Anthology
0%
TV Film 1967 Jack and the Beanstalk
0%
Theater 1938-1939 Leave It to Me!
0%
Film 1960 Let's Make Love
0%
Film 1947 Living in a Big Way
0%
Film 1952 Love Is Better Than Ever
0%
Radio Series 1947 Lux Radio Theater
0%
Film 1958 Majorie Morningstar
0%
Short TV Documentary 1965 October Madness: The World Series
0%
TV Show 1952, 1958 Omnibus
0%
Documentary Series 1976 Omnibus
0%
TV Show 1980 Omnibus
0%
Theater 1939 One for the Money
0%
Theater 1940-1941 Pal Joey
0%
Film 1943 Pilot #5
0%
TV Special 1977 Ringling Bros. and Barnum & Bailey Circus - 107th Edition
0%
TV Show 1957 Schlitz Playhouse
0%
Film 1954 Seagulls Over Sorrento
0%
TV Mini-Series 1986 Sins
0%
Short Documentary 1958 Something for the Girls
0%
Radio Series 1949 Suspense
0%
Theater 1974 Take Me Along
0%
Award Show 1976 The 18th Annual Grammy Awards
0%
Award Show 1974 The 1974 Annual Entertainment Hall of Fame Awards
0%
Award Show 1975 The 1975 Annual Entertainment Hall of Fame Awards
0%
TV Show 1955 The $64,000 Question
0%
TV Special 1990 The American Ireland Fund Annual Tribute: A Salute to Gene Kelly
0%
TV Special 1985 The Annual Friars Club Tribute Presents A Salute to Gene Kelly
0%
TV Show 1980 The Big Show
0%
Director 1970 The Cheyenne Social Club
0%
TV Show 1963 The Danny Kaye Show
0%
TV Show 1972-1974 The Dean Martin Show
0%
Film 1952 The Devil Makes Three
0%
TV Show 1971 The Funny Side
0%
Film 1957 The Happy Road
0%
TV Special 1965 The Julie Andrews Show
0%
Short Documentary 1932 The Kelly Brothers
0%
TV Show 1984 The Love Boat
0%
TV Show 1978 The Magical World of Disney
0%
Short Film 1956 The Magic Lamp
0%
TV Documentary 1982 The Marx Brothers in a Nutshell
0%
TV Show 1976 The Mike Douglas Show
0%
TV Special 1972 The Peking Ballet: First Spectacular from China
0%
Short Documentary 1945 The Story of Submarine Warfare in the Pacific
0%
Radio Series 1946 The Theatre Guild on the Air
0%
Theater 1939-1940 The Time of Your Life
0%
Director 1958 The Tunnel of Love
0%
Concert Film 1984 The Ultimate Swan Lake
0%
Film 1977 Viva Knievel!
0%
TV Special 1977 Yabba Dabba Doo! The Happy World of Hanna-Barbera
0%
No matching quizzes found
Score Distribution
Percent of People with Each Score
Percentile by Number Answered
Your Score History
You have not taken this quiz since the last reset